000 00480nam a2200181Ia 4500
001 19061
005 20260306171716.0
008 260306s9999||||xx |||||||||||||| ||und||
041 _aESP
082 _a658.8
_bF42
100 _aFernández Valiñas, Ricardo
_eAUT
245 0 _aManual para elaborar un Plan de Mercadotecnia:
_bUn enfoque latinoamericano
260 _c2001
300 _a256 páginas :
_c22 cm.
650 _aGEN
654 _aCAN
942 _cLIB
_dJUS
_fJUS
_2ddc
_n
999 _c19061
_d19061